Fr. Conceicao Rodrigues College of Engineering

Digital Image Processing (Record no. 31387)

MARC details
000 -LEADER
fixed length control field 00405nam a2200181Ia 4500
082 ## - DEWEY DECIMAL CLASSIFICATION NUMBER
Classification number 621.367/GON
Item number GON
100 ## - MAIN ENTRY--PERSONAL NAME
Personal name Gonzalez/Rafael/ Woods/R.E
250 ## - EDITION STATEMENT
Edition statement 2
245 ## - TITLE STATEMENT
Title Digital Image Processing
260 ## - PUBLICATION, DISTRIBUTION, ETC.
Name of publisher, distributor, etc. Pearson Education
Place of publication, distribution, etc. Mumbai
Date of publication, distribution, etc. 2002
366 ## - TRADE AVAILABILITY INFORMATION
Publishers's discount category 15
300 ## - PHYSICAL DESCRIPTION
Extent 791
546 ## - LANGUAGE NOTE
Language note ENGLISH
650 ## - SUBJECT ADDED ENTRY--TOPICAL TERM
Topical term or geographic name entry element image processing
654 ## - SUBJECT ADDED ENTRY--FACETED TOPICAL TERMS
Focus term image processing
942 ## - ADDED ENTRY ELEMENTS (KOHA)
Koha item type BOOK
Holdings
Withdrawn status Lost status Damaged status Not for loan Collection Home library Current library Date acquired Source of acquisition Cost, normal purchase price Inventory number Total Checkouts Full call number Barcode Date last seen Cost, replacement price Price effective from Koha item type Date due Date last checked out
        CRC Fr. Agnel's C.Rodrigues College of Engineering Fr. Agnel's C.Rodrigues College of Engineering 17/03/2023 Unique Book Distributors 365.00 5422 dt 26/12/2007   621.367/GON GON 18108 17/03/2023 380.00   BOOK    
        CRC Fr. Agnel's C.Rodrigues College of Engineering Fr. Agnel's C.Rodrigues College of Engineering 17/03/2023 Unique Book Distributors 365.00 5422 dt 26/12/2007   621.367/GON GON 18109 17/03/2023 380.00   BOOK    
        CRC Fr. Agnel's C.Rodrigues College of Engineering Fr. Agnel's C.Rodrigues College of Engineering 17/03/2023 Unique Book Distributors 365.00 5422 dt 26/12/2007   621.367/GON GON 18110 17/03/2023 380.00   BOOK    
        CRC Fr. Agnel's C.Rodrigues College of Engineering Fr. Agnel's C.Rodrigues College of Engineering 17/03/2023 Unique Book Distributors 365.00 5422 dt 26/12/2007   621.367/GON GON 18112 17/03/2023 380.00   BOOK    
        CRC Fr. Agnel's C.Rodrigues College of Engineering Fr. Agnel's C.Rodrigues- College of Engineering 17/03/2023 Unique Book Distributors 365.00 5422 dt 26/12/2007 1 621.367/GON GON 18111 05/06/2023 380.00   BOOK 04/08/2009 05/06/2023